[Event "FIDE World Youth U16 Chess Olympiad SLOVAKIA 2016"]
[Site "Poprad Tatry SLOVAKIA"]
[Date "2016.07.22"]
[Round "1"]
[Board "3"]
[White "Lau, Ende Matthew"]
[Black "Marjanovics, Annamaria"]
[Result "0-1"]
[WhiteElo "1880"]
[BlackElo "2366"]
[PlyCount "86"]
[EventDate "2016.07.22"]
[EventType "team"]
[EventRounds "9"]
[EventCountry "SVK"]
[WhiteTeam "Singapore"]
[BlackTeam "Hungary 1"]

1. e4 e5 2. Nf3 Nc6 3. Bb5 a6 4. Ba4 Nf6 5. d3 d6 6. c3 g6 7. Nbd2 Bg7 8. O-O
O-O 9. Re1 b5 10. Bc2 Re8 11. a4 b4 12. Nf1 Rb8 13. Ng3 Be6 14. d4 exd4 15.
cxd4 Bg4 16. Be3 Nh5 17. h3 Bxf3 18. gxf3 Qh4 19. Kg2 Nxd4 20. Nxh5 Nxc2 21.
Qxc2 Qxh5 22. Qxc7 Bxb2 23. Qxd6 Bxa1 24. Rxa1 a5 25. Rc1 b3 26. Qf6 Qe5 27.
Qxe5 Rxe5 28. Bf4 f6 29. Bxe5 fxe5 30. h4 b2 31. Rb1 Kg7 32. f4 Kf6 33. Kf3
Rb3+ 34. Ke2 exf4 35. Kd2 f3 36. Kc2 Rb4 37. Rxb2 Rxb2+ 38. Kxb2 g5 39. hxg5+
Kxg5 40. Kc3 h5 41. Kd2 h4 42. Ke1 h3 43. Kf1 h2 0-1

[Event "FIDE World Youth U16 Chess Olympiad SLOVAKIA 2016"]
[Site "Poprad Tatry SLOVAKIA"]
[Date "2016.07.22"]
[Round "1"]
[Board "4"]
[White "Marosi, Levente"]
[Black "Lee, Jun Wei"]
[Result "0-1"]
[WhiteElo "2316"]
[BlackElo "1856"]
[PlyCount "68"]
[EventDate "2016.07.22"]
[EventType "team"]
[EventRounds "9"]
[EventCountry "SVK"]
[WhiteTeam "Hungary 1"]
[BlackTeam "Singapore"]

1. e4 e6 2. d4 d5 3. Nc3 dxe4 4. Nxe4 Nd7 5. Nf3 Ngf6 6. Bd3 c5 7. Nxf6+ Nxf6
8. dxc5 Bxc5 9. Qe2 a6 10. Bg5 Qc7 11. O-O b5 12. c3 Bb7 13. a4 h6 14. Bxf6
gxf6 15. axb5 axb5 16. Rxa8+ Bxa8 17. Bxb5+ Kf8 18. Rd1 Qb6 19. Nd4 Rg8 20. g3
Rg5 21. Bc4 Qb7 22. f3 e5 23. b4 Bb6 24. Ba6 Qc7 25. Bc4 exd4 26. cxd4 Kg7 27.
Kg2 Rf5 28. d5 Re5 29. Qa2 Bb7 30. Rd3 Qd6 31. f4 Re7 32. Qb2 Re4 33. Qb3 Qc7
34. Rc3 Rxc4 0-1

[Event "FIDE World Youth U16 Chess Olympiad SLOVAKIA 2016"]
[Site "Poprad Tatry SLOVAKIA"]
[Date "2016.07.22"]
[Round "1"]
[Board "1"]
[White "Raghunandan, Kaumandur Srihari"]
[Black "Stabulnieks, Klavs"]
[Result "1-0"]
[WhiteElo "2403"]
[BlackElo "2099"]
[PlyCount "77"]
[EventDate "2016.07.22"]
[EventType "team"]
[EventRounds "9"]
[EventCountry "SVK"]
[WhiteTeam "India"]
[BlackTeam "Latvia"]

1. d4 Nf6 2. c4 e6 3. Nf3 b6 4. g3 Ba6 5. Qc2 c5 6. Bg2 Bb7 7. d5 exd5 8. cxd5
d6 9. O-O Nbd7 10. e4 Be7 11. Nc3 O-O 12. Bf4 Re8 13. Rfe1 Bf8 14. Rad1 a6 15.
a4 Qc7 16. h3 Rab8 17. Bf1 Bc8 18. Nh2 c4 19. Nf3 Ne5 20. Nd4 Bd7 21. Bg5 Be7
22. f4 Ng6 23. Nf5 Bxf5 24. exf5 Nf8 25. Kh2 N8d7 26. Na2 b5 27. Nb4 Nc5 28.
axb5 axb5 29. Nc6 Ra8 30. Bg2 Nd3 31. Re2 Ra2 32. Bxf6 gxf6 33. Qc3 Kf8 34.
Rxe7 Rxe7 35. Qxf6 Ke8 36. Qh8+ Kd7 37. Nb8+ Qxb8 38. Qxb8 Rxb2 39. Ra1 1-0

[Event "FIDE World Youth U16 Chess Olympiad SLOVAKIA 2016"]
[Site "Poprad Tatry SLOVAKIA"]
[Date "2016.07.22"]
[Round "1"]
[Board "2"]
[White "Batashevs, Arsens"]
[Black "Iniyan, P"]
[Result "0-1"]
[WhiteElo "1994"]
[BlackElo "2346"]
[PlyCount "120"]
[EventDate "2016.07.22"]
[EventType "team"]
[EventRounds "9"]
[EventCountry "SVK"]
[WhiteTeam "Latvia"]
[BlackTeam "India"]

1. Nf3 Nf6 2. b3 g6 3. Bb2 Bg7 4. g3 O-O 5. Bg2 d6 6. d4 c5 7. O-O Nbd7 8. e3
Rb8 9. Nbd2 b5 10. a4 b4 11. Re1 Bb7 12. Rb1 Ne4 13. Nxe4 Bxe4 14. Nd2 Bxg2 15.
Kxg2 Qc7 16. d5 Bxb2 17. Rxb2 Nb6 18. e4 f5 19. Qe2 fxe4 20. Qxe4 Qb7 21. Nc4
Nxd5 22. Na5 Qa8 23. f3 Rf7 24. Rbb1 Nc3 25. Qxa8 Rxa8 26. Rbc1 e5 27. Re3 Raf8
28. Nc4 Rf6 29. Rce1 Kf7 30. Rd3 Ke7 31. Na5 a6 32. Nc4 g5 33. Nb6 Re6 34. h3
Kd8 35. Nc4 Kc7 36. Ne3 Kc6 37. Nc4 Ref6 38. Nd2 h5 39. Ne4 Nxe4 40. Rxe4 Rf5
41. g4 hxg4 42. Rxg4 d5 43. h4 gxh4 44. Rxh4 Rg8+ 45. Kf2 e4 46. Rh6+ Kb7 47.
Rh7+ Kb8 48. Re3 Rgf8 49. Rh3 Rxf3+ 50. Rhxf3 Rxf3+ 51. Rxf3 exf3 52. Kxf3 Kc7
53. Kf4 Kd6 54. Kf3 a5 55. Kf2 Ke5 56. Ke3 Kf5 57. Kf3 d4 58. Ke2 Ke4 59. Kd2
d3 60. cxd3+ Kd4 0-1

[Event "FIDE World Youth U16 Chess Olympiad SLOVAKIA 2016"]
[Site "Poprad Tatry SLOVAKIA"]
[Date "2016.07.22"]
[Round "1"]
[Board "3"]
[White "Nitish, Belurkar"]
[Black "Polyakov, Fedor"]
[Result "0-1"]
[WhiteElo "2275"]
[BlackElo "1970"]
[PlyCount "76"]
[EventDate "2016.07.22"]
[EventType "team"]
[EventRounds "9"]
[EventCountry "SVK"]
[WhiteTeam "India"]
[BlackTeam "Latvia"]

1. e4 c5 2. c3 e5 3. Nf3 Nc6 4. Bb5 Qc7 5. O-O Nf6 6. Re1 Bd6 7. Na3 O-O 8. Nc2
a6 9. Bf1 Re8 10. d3 Be7 11. Bg5 d6 12. Ne3 Be6 13. Nh4 g6 14. g3 Qd7 15. Bg2
Ng4 16. Bxe7 Nxe3 17. Rxe3 Qxe7 18. Nf3 Rec8 19. Qd2 Rab8 20. b3 b5 21. h4 a5
22. d4 cxd4 23. cxd4 Nb4 24. Ne1 exd4 25. Qxd4 Nc2 26. Nxc2 Rxc2 27. Rd3 Rbc8
28. Qb6 Qf6 29. Rf1 Rxa2 30. Qxb5 Rcc2 31. Qb6 Kg7 32. Rxd6 Qe5 33. Kh1 Bxb3
34. Rd8 Bc4 35. Rg1 Rxf2 36. Rc8 Be6 37. Re8 Qxg3 38. Qd4+ Kh6 0-1

[Event "FIDE World Youth U16 Chess Olympiad SLOVAKIA 2016"]
[Site "Poprad Tatry SLOVAKIA"]
[Date "2016.07.22"]
[Round "1"]
[Board "4"]
[White "Limanovska, Elizabete"]
[Black "Mitrabha, Guha"]
[Result "1/2-1/2"]
[WhiteElo "1929"]
[BlackElo "2227"]
[PlyCount "115"]
[EventDate "2016.07.22"]
[EventType "team"]
[EventRounds "9"]
[EventCountry "SVK"]
[WhiteTeam "Latvia"]
[BlackTeam "India"]

1. e4 e6 2. d4 d5 3. Nd2 Nf6 4. e5 Nfd7 5. Bd3 c5 6. c3 Nc6 7. Ne2 cxd4 8. cxd4
f6 9. exf6 Nxf6 10. O-O Bd6 11. Nf3 Qc7 12. g3 O-O 13. Bf4 Bd7 14. Bxd6 Qxd6
15. Nc3 Be8 16. Be2 Bh5 17. Nb5 Qe7 18. Ne5 Bxe2 19. Qxe2 Ne4 20. Nxc6 bxc6 21.
Nc3 Nd6 22. Rac1 Qf6 23. Qd3 Rab8 24. b3 Nf5 25. Ne2 Rb6 26. f4 Rc8 27. Rc2 Qe7
28. Rfc1 Qb7 29. Kg2 Rb4 30. Rc5 Nd6 31. Ng1 Ne4 32. R5c2 a5 33. Nf3 Qb6 34.
Qe3 h6 35. Rd1 a4 36. bxa4 Rxa4 37. Ne5 Qa6 38. Qb3 Ra3 39. Qb4 Rxa2 40. Rxa2
Qxa2+ 41. Kg1 Qf2+ 42. Kh1 Qc2 43. Re1 c5 44. Qb6 Nf2+ 45. Kg1 Nh3+ 46. Kh1 Qf5
47. dxc5 Kh7 48. Nd7 Nf2+ 49. Kg1 Ne4 50. Qb7 Re8 51. c6 Qg4 52. Rxe4 Qd1+ 53.
Kf2 dxe4 54. Nf6+ Kg6 55. Nxe8 Qd2+ 56. Kf1 Qd1+ 57. Kg2 Qf3+ 58. Kg1 1/2-1/2

[Event "FIDE World Youth U16 Chess Olympiad SLOVAKIA 2016"]
[Site "Poprad Tatry SLOVAKIA"]
[Date "2016.07.22"]
[Round "1"]
[Board "1"]
[White "Duong, Yisam"]
[Black "Turar, Dastan"]
[Result "0-1"]
[WhiteElo "1948"]
[BlackElo "2266"]
[PlyCount "50"]
[EventDate "2016.07.22"]
[EventType "team"]
[EventRounds "9"]
[EventCountry "SVK"]
[WhiteTeam "Switzerland"]
[BlackTeam "Kazakhstan"]

1. e4 e6 2. d4 d5 3. Nc3 Bb4 4. e5 c5 5. a3 Ba5 6. Nf3 cxd4 7. Qxd4 Ne7 8. Bd2
Nbc6 9. Qg4 Ng6 10. Qg3 O-O 11. Bd3 d4 12. Ne4 Bc7 13. Bf4 Nxf4 14. Qxf4 Bxe5
15. Qd2 f5 16. Ng3 Qd6 17. Ne2 Bf6 18. O-O-O e5 19. c3 Be6 20. Bc2 Rac8 21. Kb1
Qd5 22. b3 d3 23. Qxd3 Qxd3 24. Bxd3 e4 25. Nf4 Bxb3 0-1

[Event "FIDE World Youth U16 Chess Olympiad SLOVAKIA 2016"]
[Site "Poprad Tatry SLOVAKIA"]
[Date "2016.07.22"]
[Round "1"]
[Board "2"]
[White "Agmanov, Zhandos"]
[Black "Giesinger, Elias"]
[Result "1-0"]
[WhiteElo "2310"]
[BlackElo "2051"]
[PlyCount "77"]
[EventDate "2016.07.22"]
[EventType "team"]
[EventRounds "9"]
[EventCountry "SVK"]
[WhiteTeam "Kazakhstan"]
[BlackTeam "Switzerland"]

1. e4 c5 2. Nf3 Nc6 3. Bb5 g6 4. O-O Bg7 5. Bxc6 dxc6 6. d3 Nf6 7. Nc3 O-O 8.
h3 Qc7 9. Be3 b6 10. Qd2 e5 11. Nh2 Nh5 12. Ne2 Be6 13. g4 Nf6 14. f4 exf4 15.
Bxf4 Qb7 16. Ng3 Nd7 17. c3 Ne5 18. Nf3 Nxf3+ 19. Rxf3 Rad8 20. Bh6 f6 21. a3
Bxh6 22. Qxh6 Qg7 23. Qf4 Qe7 24. b4 Rd7 25. Rd1 cxb4 26. axb4 c5 27. bxc5
Qxc5+ 28. d4 Qc7 29. d5 Qc5+ 30. Rd4 Bf7 31. Qxf6 a5 32. Kh2 Rd6 33. Qg5 b5 34.
Nf5 Ra6 35. Ne7+ Kg7 36. Qe5+ Kh6 37. g5+ Kh5 38. Qg7 Kxg5 39. Rf5+ 1-0

[Event "FIDE World Youth U16 Chess Olympiad SLOVAKIA 2016"]
[Site "Poprad Tatry SLOVAKIA"]
[Date "2016.07.22"]
[Round "1"]
[Board "3"]
[White "Stijve, Theo"]
[Black "Suleymenov, Alisher"]
[Result "0-1"]
[WhiteElo "2081"]
[BlackElo "2259"]
[PlyCount "72"]
[EventDate "2016.07.22"]
[EventType "team"]
[EventRounds "9"]
[EventCountry "SVK"]
[WhiteTeam "Switzerland"]
[BlackTeam "Kazakhstan"]

1. e4 e6 2. d4 d5 3. Nc3 Bb4 4. exd5 exd5 5. Bd3 Ne7 6. Qh5 c5 7. dxc5 d4 8. a3
Qa5 9. axb4 Qxa1 10. Nce2 Nbc6 11. Nf3 Nxb4 12. O-O Nxd3 13. cxd3 Qa6 14. Nexd4
O-O 15. Re1 Qg6 16. Qe5 Nc6 17. Nxc6 bxc6 18. Bf4 Be6 19. h3 Rad8 20. d4 Qf5
21. Qe3 Bd5 22. Ne5 Rfe8 23. g4 Qc2 24. Qc3 Qxc3 25. bxc3 f6 26. Nd3 Rxe1+ 27.
Nxe1 Re8 28. Be3 Be4 29. Kf1 a5 30. Bc1 a4 31. Ba3 Rb8 32. f3 Bg6 33. h4 Rb3
34. h5 Rxa3 35. hxg6 Rxc3 36. gxh7+ Kxh7 0-1

[Event "FIDE World Youth U16 Chess Olympiad SLOVAKIA 2016"]
[Site "Poprad Tatry SLOVAKIA"]
[Date "2016.07.22"]
[Round "1"]
[Board "4"]
[White "Muratova, Saltanat"]
[Black "Meier, Lukas"]
[Result "1-0"]
[WhiteElo "2031"]
[BlackElo "1874"]
[PlyCount "61"]
[EventDate "2016.07.22"]
[EventType "team"]
[EventRounds "9"]
[EventCountry "SVK"]
[WhiteTeam "Kazakhstan"]
[BlackTeam "Switzerland"]

1. e4 Nf6 2. e5 Nd5 3. c4 Nb6 4. d4 d6 5. exd6 exd6 6. Nc3 Nc6 7. Be3 Bf5 8.
Nf3 Be7 9. d5 Nb8 10. Be2 Na6 11. O-O O-O 12. Rc1 Nc5 13. Nd4 Bg6 14. b4 Ne4
15. Nxe4 Bxe4 16. Qd2 Bf6 17. Bd3 Re8 18. Bxe4 Rxe4 19. Qd3 Re8 20. Rfe1 Qd7
21. Re2 a5 22. a3 Re7 23. Rce1 axb4 24. axb4 Qa4 25. Nf5 Ree8 26. Bxb6 Rxe2 27.
Qxe2 cxb6 28. b5 Be5 29. f4 Re8 30. fxe5 Rxe5 31. Qf1 1-0

[Event "FIDE World Youth U16 Chess Olympiad SLOVAKIA 2016"]
[Site "Poprad Tatry SLOVAKIA"]
[Date "2016.07.22"]
[Round "1"]
[Board "1"]
[White "Tsolakidou, Stavroula"]
[Black "Keinanen, Toivo"]
[Result "1/2-1/2"]
[WhiteElo "2364"]
[BlackElo "2274"]
[PlyCount "137"]
[EventDate "2016.07.22"]
[EventType "team"]
[EventRounds "9"]
[EventCountry "SVK"]
[WhiteTeam "Greece"]
[BlackTeam "Finland"]

1. e4 e6 2. b3 d5 3. Bb2 dxe4 4. Nc3 Nf6 5. Qe2 Bb4 6. O-O-O Qe7 7. Nxe4 Ba3 8.
Nxf6+ Qxf6 9. d4 Bxb2+ 10. Kxb2 O-O 11. Nf3 c5 12. Qe5 Nd7 13. Qxf6 Nxf6 14.
dxc5 Ne4 15. Rd4 Nxc5 16. b4 Na4+ 17. Kb3 Nb6 18. c4 a5 19. c5 Nd5 20. b5 Bd7
21. Bd3 Rfc8 22. Rc1 Be8 23. a4 f6 24. Be4 Bf7 25. Bxd5 exd5 26. Rd2 Rc7 27.
Nd4 Kf8 28. c6 bxc6 29. Rxc6 Rxc6 30. Nxc6 d4+ 31. Kb2 Bd5 32. Nxd4 Bxg2 33.
Rc2 Ra7 34. Rc8+ Ke7 35. Kc3 Kd6 36. Rd8+ Ke5 37. Re8+ Kf4 38. Ne6+ Kf5 39. Nc5
Rc7 40. Kd4 g5 41. b6 Rc6 42. b7 Rd6+ 43. Kc3 Bxb7 44. Nxb7 Rc6+ 45. Kd3 Rc7
46. Nd6+ Kg4 47. Rf8 Rc1 48. Rxf6 Ra1 49. Rh6 Kf3 50. Rf6+ Kg2 51. Nc4 Rxa4 52.
Rf5 h6 53. Rf6 h5 54. Rf5 g4 55. Ne3+ Kxh2 56. Rxh5+ Kg1 57. Rf5 Ra3+ 58. Ke4
Ra4+ 59. Kd3 Ra3+ 60. Ke2 Ra2+ 61. Ke1 Ra1+ 62. Nd1 Kg2 63. Rg5 Kf3 64. Rc5 Ra3
65. Rf5+ Ke4 66. Rg5 Kf3 67. Rf5+ Ke4 68. Rg5 Kf3 69. Rf5+ 1/2-1/2

[Event "FIDE World Youth U16 Chess Olympiad SLOVAKIA 2016"]
[Site "Poprad Tatry SLOVAKIA"]
[Date "2016.07.22"]
[Round "1"]
[Board "2"]
[White "Nazarova, Anastasia"]
[Black "Giannoulakis, Lampros"]
[Result "0-1"]
[WhiteElo "2032"]
[BlackElo "2214"]
[PlyCount "80"]
[EventDate "2016.07.22"]
[EventType "team"]
[EventRounds "9"]
[EventCountry "SVK"]
[WhiteTeam "Finland"]
[BlackTeam "Greece"]

1. e4 c5 2. Nf3 d6 3. d4 Nf6 4. Nc3 cxd4 5. Nxd4 a6 6. Be3 e5 7. Nb3 Be6 8. f3
Be7 9. Qd2 O-O 10. O-O-O a5 11. a4 Nc6 12. g4 Nb4 13. g5 Nd7 14. h4 f5 15. gxf6
Nxf6 16. Bh3 Qc8 17. Bxe6+ Qxe6 18. Bg5 Rac8 19. Kb1 b5 20. axb5 Kh8 21. Rh2
Ra8 22. Nc1 Rfc8 23. h5 Rc4 24. h6 g6 25. N1e2 Rac8 26. b3 R4c7 27. Rc1 a4 28.
Bxf6+ Bxf6 29. Nd5 Nxd5 30. exd5 Qf5 31. Ng3 Qxf3 32. Rf2 Qxg3 33. Rxf6 axb3
34. c4 Qh4 35. Rcf1 Kg8 36. Qg2 Qxc4 37. Rxg6+ Kh8 38. Rg3 b2 39. Kxb2 Qxb5+
40. Rb3 Qxb3+ 0-1

[Event "FIDE World Youth U16 Chess Olympiad SLOVAKIA 2016"]
[Site "Poprad Tatry SLOVAKIA"]
[Date "2016.07.22"]
[Round "1"]
[Board "3"]
[White "Ioannidis, Evgenios"]
[Black "Lahdelma, Henri"]
[Result "1/2-1/2"]
[WhiteElo "2282"]
[BlackElo "1864"]
[PlyCount "138"]
[EventDate "2016.07.22"]
[EventType "team"]
[EventRounds "9"]
[EventCountry "SVK"]
[WhiteTeam "Greece"]
[BlackTeam "Finland"]

1. d4 Nf6 2. c4 e6 3. Nc3 Bb4 4. a3 Bxc3+ 5. bxc3 b6 6. f3 Ba6 7. e4 d5 8. cxd5
Bxf1 9. Kxf1 exd5 10. e5 Nfd7 11. f4 Nc6 12. Qg4 g6 13. Nf3 Qe7 14. a4 Qe6 15.
Qxe6+ fxe6 16. Ba3 h6 17. Ke2 Na5 18. Nd2 Kf7 19. Rab1 Rab8 20. c4 c6 21. Rhc1
Rbc8 22. Rc3 c5 23. cxd5 cxd4 24. dxe6+ Kxe6 25. Rd3 Rc3 26. Bb4 Rxd3 27. Kxd3
Nc6 28. Bd6 Kd5 29. Rb5+ Nc5+ 30. Ke2 Rc8 31. Nb3 Nd8 32. g4 Nde6 33. f5 gxf5
34. gxf5 Ng5 35. Bxc5 bxc5 36. Kd3 Nf3 37. e6 Ne5+ 38. Ke2 Ng4 39. e7 Nf6 40.
Kd3 Kd6 41. Kc4 d3 42. Rb7 Re8 43. Rxa7 Nd7 44. f6 Nxf6 45. Kxd3 Nd7 46. Ra6+
Kxe7 47. Rxh6 Ra8 48. a5 Ne5+ 49. Ke4 c4 50. Kxe5 cxb3 51. Rh7+ Kd8 52. Rh8+
Kc7 53. Rh7+ Kc6 54. Kd4 Rb8 55. Rh6+ Kd7 56. Rh7+ Ke6 57. Rh6+ Kf5 58. Rh5+
Kg6 59. Re5 b2 60. Re1 b1=Q 61. Rxb1 Rxb1 62. Kc5 Kf6 63. a6 Ke6 64. a7 Ra1 65.
Kb6 Kd7 66. h4 Rb1+ 67. Kc5 Rc1+ 68. Kb6 Rb1+ 69. Kc5 Rc1+ 1/2-1/2

[Event "FIDE World Youth U16 Chess Olympiad SLOVAKIA 2016"]
[Site "Poprad Tatry SLOVAKIA"]
[Date "2016.07.22"]
[Round "1"]
[Board "4"]
[White "Aalto, Patrik"]
[Black "Drakoulakos, Grigorios"]
[Result "0-1"]
[WhiteElo "1745"]
[BlackElo "2270"]
[PlyCount "60"]
[EventDate "2016.07.22"]
[EventType "team"]
[EventRounds "9"]
[EventCountry "SVK"]
[WhiteTeam "Finland"]
[BlackTeam "Greece"]

1. e4 c5 2. Nf3 d6 3. d4 cxd4 4. Nxd4 Nf6 5. Nc3 Nc6 6. Be3 e5 7. Nb3 Be6 8. f3
Be7 9. Qd2 O-O 10. O-O-O a5 11. Qf2 a4 12. Nc5 a3 13. b3 Qa5 14. N5a4 Rac8 15.
Bb6 Qa8 16. Be3 Nb4 17. Nb6 Qa5 18. Nxc8 Rxc8 19. Bb6 Qa8 20. Kd2 d5 21. exd5
Nfxd5 22. Nxd5 Rxc2+ 23. Ke1 Bxd5 24. Qe3 Rxa2 25. Bd3 Rxg2 26. Qxe5 Bf6 27.
Qf5 Nxd3+ 28. Qxd3 a2 29. Bd4 Bxd4 30. Qxd4 Qe8+ 0-1

[Event "FIDE World Youth U16 Chess Olympiad SLOVAKIA 2016"]
[Site "Poprad Tatry SLOVAKIA"]
[Date "2016.07.22"]
[Round "1"]
[Board "1"]
[White "Lin, Pin-Chen (gary)"]
[Black "Djordjevic, Vuk"]
[Result "0-1"]
[WhiteElo "2077"]
[BlackElo "2415"]
[PlyCount "112"]
[EventDate "2016.07.22"]
[EventType "team"]
[EventRounds "9"]
[EventCountry "SVK"]
[WhiteTeam "Japan"]
[BlackTeam "Serbia"]

1. d4 Nf6 2. c4 e6 3. Nc3 Bb4 4. Qc2 O-O 5. a3 Bxc3+ 6. Qxc3 Ne4 7. Qc2 f5 8.
Nh3 d6 9. f3 Nf6 10. e3 e5 11. dxe5 dxe5 12. Be2 c5 13. O-O Nc6 14. Nf2 Qe7 15.
b3 f4 16. Bd3 fxe3 17. Bxe3 b6 18. Rfe1 Bb7 19. Rad1 Kh8 20. Ne4 Nd4 21. Bxd4
cxd4 22. Ng3 Rfe8 23. Qb2 Qc5 24. Re2 b5 25. cxb5 Nd5 26. Ne4 Qe7 27. Rde1 Nf4
28. Rd2 Rab8 29. Bc4 Bxe4 30. Rxe4 Qc5 31. Kh1 Rec8 32. Rd1 Rd8 33. Rde1 Ng6
34. a4 Qb4 35. Qb1 Rf8 36. R1e2 Nf4 37. Qe1 Qd6 38. Rd2 Rf5 39. Qf2 Qh6 40. a5
Rbf8 41. Qe1 Rh5 42. g3 Nh3 43. f4 exf4 44. gxf4 Nxf4 45. Rf2 Rhf5 46. Rxd4 Qf6
47. Rdd2 Re5 48. Qf1 g5 49. Be2 Rfe8 50. Qd1 Qg6 51. Bf1 Re1 52. Qc2 Qg7 53.
Rd1 Qb7+ 54. Rg2 Qxg2+ 55. Qxg2 Nxg2 56. Rxe1 Nxe1 0-1

[Event "FIDE World Youth U16 Chess Olympiad SLOVAKIA 2016"]
[Site "Poprad Tatry SLOVAKIA"]
[Date "2016.07.22"]
[Round "1"]
[Board "2"]
[White "Ivic, Velimir"]
[Black "Hiebert, Kenji"]
[Result "1-0"]
[WhiteElo "2315"]
[BlackElo "1860"]
[PlyCount "57"]
[EventDate "2016.07.22"]
[EventType "team"]
[EventRounds "9"]
[EventCountry "SVK"]
[WhiteTeam "Serbia"]
[BlackTeam "Japan"]

1. e4 c5 2. Nf3 e6 3. d4 cxd4 4. Nxd4 Nc6 5. Nxc6 bxc6 6. Bd3 d5 7. Nd2 Nf6 8.
Qe2 Be7 9. O-O O-O 10. b3 a5 11. a4 Qb6 12. Bb2 Ba6 13. e5 Nd7 14. Kh1 c5 15.
c4 Rfd8 16. f4 g6 17. cxd5 exd5 18. Bxa6 Qxa6 19. Qf3 Qe6 20. Rae1 Nb6 21. g4
d4 22. f5 Qd5 23. Ne4 Bh4 24. g5 Kh8 25. Re2 Qxe5 26. Qg4 gxf5 27. Rxf5 Qe6 28.
Nf6 Qc8 29. Ree5 1-0

[Event "FIDE World Youth U16 Chess Olympiad SLOVAKIA 2016"]
[Site "Poprad Tatry SLOVAKIA"]
[Date "2016.07.22"]
[Round "1"]
[Board "3"]
[White "Otawa, Yuto"]
[Black "Injac, Teodora"]
[Result "0-1"]
[WhiteElo "1889"]
[BlackElo "2215"]
[PlyCount "142"]
[EventDate "2016.07.22"]
[EventType "team"]
[EventRounds "9"]
[EventCountry "SVK"]
[WhiteTeam "Japan"]
[BlackTeam "Serbia"]

1. d4 Nf6 2. c4 g6 3. Nc3 Bg7 4. e4 d6 5. f3 O-O 6. Be3 a6 7. Nge2 Nbd7 8. Qd2
c5 9. dxc5 dxc5 10. Nf4 Qa5 11. Be2 e6 12. O-O Ne5 13. Rad1 Nc6 14. Nd3 Rd8 15.
f4 b5 16. e5 Ne8 17. Qc2 Nd4 18. Bxd4 cxd4 19. Ne4 bxc4 20. Qxc4 Bb7 21. b4 Bd5
22. Qxd4 Qa3 23. Qe3 Bf8 24. Rb1 Rac8 25. Nec5 a5 26. Rfc1 axb4 27. Qd2 Qa8 28.
Bf1 Qa7 29. Qxb4 Ba8 30. Kh1 Qxa2 31. Qb3 Qa7 32. Qb6 Qe7 33. Ra1 Rb8 34. Qa7
Qh4 35. Rab1 Rbc8 36. Qa5 Bd5 37. Qd2 Bh6 38. Kg1 Qe7 39. g3 Bf8 40. Bg2 Qa7
41. Qf2 Bxg2 42. Kxg2 Rd5 43. Ne4 Qd7 44. Rxc8 Qxc8 45. Rd1 Qc4 46. Qe2 Qa6 47.
Qf3 Ra5 48. g4 Ra2+ 49. Rd2 Ra3 50. Qd1 Kg7 51. Qf3 Kg8 52. Ng5 h6 53. Ne4 Be7
54. g5 h5 55. Nf6+ Bxf6 56. gxf6 Nc7 57. Qe4 Ra1 58. Rc2 Nd5 59. Kg3 Ra3 60.
Rd2 Qa5 61. Qe2 Qa4 62. Qf3 Qa7 63. Rc2 Qa6 64. Rd2 Nb4 65. f5 Rxd3 66. Rxd3
Qxd3 67. fxe6 Qxf3+ 68. Kxf3 fxe6 69. Ke4 Kf7 70. h4 Nd5 71. Kf3 Nxf6 0-1

[Event "FIDE World Youth U16 Chess Olympiad SLOVAKIA 2016"]
[Site "Poprad Tatry SLOVAKIA"]
[Date "2016.07.22"]
[Round "1"]
[Board "4"]
[White "Gajcin, Marina"]
[Black "Osaka, Takuma"]
[Result "0-1"]
[WhiteElo "2152"]
[BlackElo "1888"]
[PlyCount "172"]
[EventDate "2016.07.22"]
[EventType "team"]
[EventRounds "9"]
[EventCountry "SVK"]
[WhiteTeam "Serbia"]
[BlackTeam "Japan"]

1. e4 c5 2. Nf3 d6 3. Bb5+ Nd7 4. c3 Ngf6 5. Qe2 a6 6. Ba4 b5 7. Bc2 Bb7 8. O-O
e5 9. d4 Be7 10. Rd1 Qc7 11. dxe5 dxe5 12. a4 O-O 13. Bg5 c4 14. Nbd2 Nc5 15.
Bh4 Rfe8 16. Bg3 Bd6 17. Ne1 Rad8 18. Kh1 Bc6 19. axb5 axb5 20. f3 Nh5 21. Bf2
Nf4 22. Qf1 Bf8 23. Bxc5 Bxc5 24. g3 Ne6 25. b4 Bb6 26. Qe2 Ra8 27. Nf1 Red8
28. Rxd8+ Qxd8 29. Rd1 Qc7 30. Ne3 Qb7 31. Nd5 Bd8 32. Ng2 Nc7 33. Nge3 Nxd5
34. exd5 Bd7 35. Be4 Ra6 36. d6 Qa7 37. f4 exf4 38. gxf4 Ra2 39. Qf3 Ra1 40.
Nd5 Rxd1+ 41. Qxd1 Qf2 42. Ne7+ Kf8 43. Nd5 h5 44. Bg2 Bg4 45. Qb1 Bf3 46. Qg1
Bxg2+ 47. Qxg2 Qe1+ 48. Qg1 Qe4+ 49. Qg2 Qb1+ 50. Qg1 Qe4+ 51. Qg2 Qe1+ 52. Qg1
Qxg1+ 53. Kxg1 Ke8 54. f5 Kd7 55. Nf4 Bf6 56. Ne2 Kxd6 57. Kf2 g5 58. fxg6 fxg6
59. Ke3 g5 60. Ng3 h4 61. Ne4+ Ke5 62. h3 Bd8 63. Kf3 Be7 64. Nf2 Kf5 65. Ne4
Bf8 66. Nf2 Bg7 67. Nd1 Be5 68. Ne3+ Ke6 69. Nd1 Kf6 70. Ne3 Ke6 71. Nd1 Kf7
72. Ke4 Bf6 73. Kf3 Kg6 74. Kg4 Bg7 75. Kf3 Kh5 76. Kg2 g4 77. Nf2 gxh3+ 78.
Nxh3 Bxc3 79. Nf4+ Kg4 80. Nd5 Be5 81. Ne3+ Kf4 82. Nc2 c3 83. Na3 Ke3 84. Kf1
h3 85. Kg1 Kd2 86. Nb1+ Kc2 0-1

[Event "FIDE World Youth U16 Chess Olympiad SLOVAKIA 2016"]
[Site "Poprad Tatry SLOVAKIA"]
[Date "2016.07.22"]
[Round "1"]
[Board "1"]
[White "Costachi, Mihnea"]
[Black "Abdulla, Murad"]
[Result "1-0"]
[WhiteElo "2420"]
[BlackElo "2101"]
[PlyCount "115"]
[EventDate "2016.07.22"]
[EventType "team"]
[EventRounds "9"]
[EventCountry "SVK"]
[WhiteTeam "Romania"]
[BlackTeam "Scotland"]

1. d4 Nf6 2. c4 g6 3. Nc3 d5 4. cxd5 Nxd5 5. Bd2 Bg7 6. e4 Nb6 7. Be3 O-O 8. h3
e5 9. Nf3 exd4 10. Bxd4 Nc6 11. Bxg7 Kxg7 12. Bb5 Qe7 13. Bxc6 bxc6 14. O-O Rd8
15. Qc2 Ba6 16. Rfd1 Rxd1+ 17. Nxd1 Rd8 18. Qxc6 Be2 19. Ne3 Bxf3 20. gxf3 Qg5+
21. Kf1 Qe5 22. Rd1 Rxd1+ 23. Nxd1 Qh2 24. Ke2 Qxh3 25. Qc3+ f6 26. Qxc7+ Qd7
27. Qxd7+ Nxd7 28. f4 Kf7 29. b4 Ke6 30. Nc3 Kd6 31. Nb5+ Kc6 32. Nxa7+ Kb6 33.
Nc8+ Kb5 34. a3 Ka4 35. Ne7 Kxa3 36. Nd5 Ka4 37. Ke3 Kb5 38. Kd4 h5 39. e5
fxe5+ 40. fxe5 Nf8 41. Ke4 h4 42. Nf4 Kc6 43. Nh3 Ne6 44. f4 Ng7 45. Kf3 Kb5
46. Kg4 Kxb4 47. Kg5 Kc5 48. Kxg6 Ne6 49. f5 Kd5 50. Kf6 Nc7 51. e6 Ke4 52.
Ng5+ Kf4 53. Kg6 Nd5 54. f6 Ke5 55. f7 Nf4+ 56. Kh6 h3 57. f8=Q h2 58. Nf3+ 1-0

[Event "FIDE World Youth U16 Chess Olympiad SLOVAKIA 2016"]
[Site "Poprad Tatry SLOVAKIA"]
[Date "2016.07.22"]
[Round "1"]
[Board "2"]
[White "Gray, Euan"]
[Black "Gavrilescu, David"]
[Result "0-1"]
[WhiteElo "1943"]
[BlackElo "2274"]
[PlyCount "60"]
[EventDate "2016.07.22"]
[EventType "team"]
[EventRounds "9"]
[EventCountry "SVK"]
[WhiteTeam "Scotland"]
[BlackTeam "Romania"]

1. d4 e6 2. c4 c5 3. d5 exd5 4. cxd5 d6 5. Nc3 a6 6. a4 Ne7 7. Nf3 Ng6 8. Nd2
Nd7 9. e4 Nde5 10. Nc4 Nxc4 11. Bxc4 Be7 12. O-O O-O 13. f4 Bf6 14. Be3 Re8 15.
e5 dxe5 16. f5 Nh4 17. Bxc5 Bxf5 18. Rxf5 Nxf5 19. Ne4 b6 20. Ba3 b5 21. axb5
axb5 22. Bxb5 Qb6+ 23. Kh1 Qxb5 24. Qg4 Be7 25. Qxf5 Bxa3 26. Ng5 Bxb2 27.
Qxf7+ Kh8 28. Rg1 Ra1 29. Ne6 Rxg1+ 30. Kxg1 Bd4+ 0-1